000
00330nam a2200145Ia 4500
100
_a
Kennedy/ G
650
_a
Electrical Engineering
942
_c
BK
654
_a
Electronic
245
_a
Electronic And Communication System
260
_b
McGraw Hill
_a
New York
_c
1985
082
_a
621.3
300
_a
741
546
_a
ENGLISH
999
_c
30408
_d
30408